Jack McBrayer Filmography - Statistics

General Stats
  • This quiz has been taken 14 times
    11 since last reset
  • The average score is 73 of 161
Answer Stats
Type Year Name % Correct
TV Show 2006-2013 30 Rock
100%
Film 2008 Forgetting Sarah Marshall
100%
TV Show 2009, 2010, 2015 Saturday Night Live
100%
Film 2006 Talladega Nights: The Ballad of Ricky Bobby
100%
TV Show 2011 The Simpsons
100%
Web Series 2007-2009 30 Rock: Kenneth the Webpage
50%
TV Show 2019-2022 Amphibia
50%
TV Show 2017 Angie Tribeca
50%
Video Game 2019 Anthem
50%
TV Show 2012 Archer
50%
TV Show 2005, 2006 Arrested Development
50%
Film 2012 A Thousand Words
50%
TV Show 2015 Axe Cop
50%
Web Series 2016 Bad Internet
50%
Film 2015 Bad Night
50%
Web Series 2016 Bajillion Dollar Propertie$
50%
Commercial 2017 Baskin-Robbins
50%
Film 2024 Big City Greens the Movie: Spacecation
50%
Web Series 2017-2025 Big Mouth
50%
Film 2004 Blackballed: The Bobby Dukes Story
50%
TV Show 2021 Bless the Harts
50%
TV Show 2011-2022 Bob's Burgers
50%
TV Show 2023 Call Me Kat
50%
TV Show 2014-2015 Captain Jake and the Never Land Pirates
50%
Commercial 2014 Cars.com
50%
Film 2010 Cats & Dogs: The Revenge of Kitty Galore
50%
Web Series 2022 Central Park
50%
TV Show 2025 Chibiverse
50%
TV Show 2013 Childrens Hospital
50%
TV Show 2013, 2015 Comedy Bang! Bang!
50%
Commercial 2003 Comedy Central
50%
TV Show 2013-2016 Conan
50%
Film 2014 Cooties
50%
Theater 2017 Crazy for You
50%
Film 2001 Danny's Wish
50%
Film 2010 Despicable Me
50%
TV Show 2021 Devil May Care
50%
Film 2016 Donald Trump's The Art of the Deal: The Movie
50%
TV Show 2013-2019 Drunk History
50%
TV Show 2018 DuckTales
50%
Film 2018 Dude
50%
TV Show 1999 Early Edition
50%
Web Series 2016 Emo Dad
50%
Podcast 2020 Escape from Virtual Island
50%
TV Show 2022-2023 Eureka!
50%
TV Show 2024 Firebuds
50%
TV Show 2011 Funny or Die Presents...
50%
TV Show 2018 Future-Worm!
50%
TV Show 2024 Grey's Anatomy
50%
Short Film 2006 Grounds Zero
50%
TV Show 2023 Hailey's on It!
50%
Web Series 2021 Hello, Jack! The Kindness Show
50%
Web Series 2023 History of the World: Part II
50%
Web Series 2023 Kamp Koral: SpongeBob's Under Years
50%
TV Show 2022 Kenan
50%
TV Show 2013 Key & Peele
50%
Commercial 2013-2014 Kia Optima
50%
Web Series 2022 Kid Cosmic
50%
TV Short 2010 Kung Fu Panda Holiday
50%
TV Show 2015, 2017, 2021 Last Week Tonight with John Oliver
50%
TV Show 2002-2005 Late Night with Conan O'Brien
50%
TV Show 2019 LEGO City Adventures
50%
Film 2017 LEGO Scooby-Doo! Blowout Beach Bash
50%
TV Show 2020 Mapleworth Murders
50%
Web Mini-Series 2016 Margot vs. Lily
50%
TV Show 2016, 2017 Mighty Magiswords
50%
TV Show 2017 Milo Murphy's Law
50%
Film 2013 Movie 43
50%
Web Series 2025 Murderbot
50%
TV Show 2007 My Boys
50%
Web Series 2021 Nailed It!
50%
TV Show 2015 New Girl
50%
TV Show 2020 New Looney Tunes
50%
TV Show 2013 NTSF:SD:SUV
50%
Film 2016 Odd Squad: The Movie
50%
TV Show 2019-2020 Our Cartoon President
50%
Short Film 2005 Peanut Hunt
50%
TV Show 2008-2014, 2025 Phineas and Ferb
50%
TV Film 2011 Phineas and Ferb the Movie: Across the 2nd Dimension
50%
TV Show 2015, 2017 Playing House
50%
TV Show 2012 Portlandia
50%
TV Show 2017-2021 Puppy Dog Pals
50%
Film 2021 Queenpins
50%
Film 2018 Ralph Breaks the Internet
50%
Podcast 2021 Reach: A Space Podcast
50%
TV Show 2010 Robotomy
50%
Film 2013 Savannah
50%
Film 2017 Smurfs: The Lost Village
50%
Film 2021 Songs for a Sloth
50%
Film 2009 Spring Breakdown
50%
Web Series 2020, 2023 Star Trek: Lower Decks
50%
TV Show 2025 Studio C
50%
TV Show 2024 Stupid Pet Tricks
50%
Web Series 2015 The Adventures of Puss in Boots
50%
Web Series 2016 The Amazing Gayl Pile
50%
Web Series 2015 The Awesomes
50%
Film 2005 The Baxter
50%
Podcast 2024 The Best Man's Ghostwriter
50%
TV Show 2016 The Big Bang Theory
50%
Film 2012 The Brass Teapot
50%
Film 2012 The Campaign
50%
TV Show 2023 The Conners
50%
TV Show 2016 The Crossroads of History
50%
TV Show 2009 The Electric Company
50%
TV Show 2016 The Eric Andre Show
50%
TV Show 2014 The Getaway
50%
TV Show 2024 The Great North
50%
TV Show 2016 The Increasingly Poor Decisions of Todd Margaret
50%
TV Show 2015 The Jack and Triumph Show
50%
TV Show 2019 The Last O.G.
50%
TV Show 2016 The Lion Guard
50%
TV Show 2013-2018 The Middle
50%
Web Series 2023 The Muppets Mayhem
50%
Short Film 2014 The Nobodies
50%
Web Series 2022 The Orville
50%
Web Series 2023 The Santa Clauses
50%
Film 2013 The To Do List
50%
TV Show 2009, 2010 The Tonight Show with Conan O'Brien
50%
TV Show 2023 The Wonder Years
50%
Film 2014 They Came Together
50%
TV Show 2010 Tim and Eric Awesome Show, Great Job!
50%
TV Show 2020 T.O.T.S.
50%
Music Video 2008 Touch My Body
50%
TV Show 2010 Ugly Americans
50%
Web Series 2020 Unbreakable Kimmy Schmidt
50%
Film 2024 Unfrosted
50%
TV Show 2019 Urban Myths
50%
Commercial 2016 Verizon
50%
Theater 2019-2020 Waitress the Musical
50%
Film 2007 Walk Hard: The Dewey Cox Story
50%
TV Show 2013-2016 Wander Over Yonder
50%
TV Show 2005 Weekends at the DL
50%
Film 2017 We Love You, Sally Carmichael!
50%
Web Series 2020 Woke
50%
TV Show 2014 WordGirl
50%
Film | Video Game 2012 Wreck-It Ralph
50%
Film 2025 You're Cordially Invited
50%
TV Show 2015 Your Pretty Face Is Going to Hell
50%
TV Show 2024 Zillow Gone Wild
50%
Award Show 2022 1st Children's & Family Emmy Awards
0%
TV Show 2024 After Midnight
0%
Commercial 2013 Barnes & Nobles
0%
Web Series 2025 Dinner with Gavin Rossdale
0%
Web Series 2017 Drive Share
0%
Web Series 2021 Earth to Ned
0%
TV Show 2025 Hollywood Squares
0%
TV Show 2018 I Love You, America
0%
TV Show 2013 Just for Laughs: All-Access
0%
TV Short 2016 Lord of the Flies, Reimagined by Jack McBrayer
0%
TV Show 2016-2018 Match Game
0%
TV Show 2023 Name That Tune
0%
TV Show 2016 Patricia Heaton Parties
0%
TV Show 2006 Reel Comedy
0%
Web Series 2023 The Big Nailed It Baking Challenge
0%
Theater 2010 The Normal Heart
0%
Web Mini-Series 2020 The Second City Presents: The Last Show Left on Earth
0%
TV Show 2009 Tosh.0
0%
Web Series 2013 UCB Comedy Originals
0%
Podcast 2016, 2018 Womp It Up!
0%
TV Show 2008-2013 Yo Gabba Gabba!
0%
No matching quizzes found
Score Distribution
Percent of People with Each Score
Percentile by Number Answered
Your Score History
You have not taken this quiz since the last reset